Detalles MARC
| 000 -LÍDER |
| Campo fijo de descripción fija |
01505nam a2200337 i 4500 |
| 001 - NÚMERO DE CONTROL |
| Campo de control |
768714001 |
| 003 - IDENTIFICADOR DEL NÚMERO DE CONTROL |
| Campo de control |
CO-MdFUSB |
| 005 - FECHA Y HORA DE LA ULTIMA TRANSACCIÓN |
| control field |
20220802154731.0 |
| 007 - CAMPO FIJO DE DESCRIPCIÓN FIJA--INFORMACIÓN GENERAL |
| Campo fijo de descripción fija |
ta |
| 008 - ELEMENTOS DE LONGITUD FIJA -- INFORMACIÓN GENERAL |
| Campo fijo de descripción fija -- Información general |
220802t1989 -us |||| |||| 00| 0 eng d |
| 020 ## - NÚMERO INTERNACIONAL NORMALIZADO PARA LIBROS |
| Número Internacional Normalizado del libro |
0884192598 |
| 040 ## - FUENTE DE CATALOGACIÓN |
| Agencia de catalogación original |
CO-MdFUSB |
| Idioma de catalogación |
spa |
| Agencia que realiza la transcripción |
CO-MdFUSB |
| Agencia que realiza la modificación |
CO-MdFUSBC |
| Convenciones de la descripción |
rda |
| 041 ## - CÓDIGO DE IDIOMA |
| Código de idioma para texto/pista de sonido o título separado |
eng |
| 082 ## - NÚMERO DE CLASIFICACIÓN DECIMAL DEWEY |
| Número de la edición del Dewey |
23 |
| Número de clasificación |
261.8 |
| Clave de autor-Numero de item |
C7334 |
| 100 ## - ASIENTO PRINCIPAL--NOMBRE PERSONAL |
| Nombre personal |
Comiskey, Andrew, |
| 245 1# - TÍTULO |
| Título del Material |
Pursuing sexual wholeness : |
| Parte restante del título - Subtitulo |
how Jesus heals the homosexual |
| Mención de responsabilidad, etc. |
/ Andrew Comiskey ; prólogo por Leanne Payne |
| 264 #1 - PRODUCCIÓN, PUBLICACIÓN, DISTRIBUCIÓN, MANUFACTURA, Y COPYRIGHT |
| Lugar de producción, publicación, distribución, manufactura |
Estados Unidos : |
| Nombre del productor, publicador, distribuidor |
Charisma House, |
| Fecha de producción, publicación, distribución, manufactura, o copyright |
[1989] |
| 264 #4 - PRODUCCIÓN, PUBLICACIÓN, DISTRIBUCIÓN, MANUFACTURA, Y COPYRIGHT |
| Fecha de producción, publicación, distribución, manufactura, o copyright |
© 1989 |
| 300 ## - DESCRIPCIÓN FÍSICA |
| Extensión |
206 páginas |
| Dimensiones |
; 21 cm |
| 336 ## - CONTENT TYPE |
| Source |
rdacontent |
| Content type term |
texto |
| Content type code |
txt |
| 337 ## - MEDIA TYPE |
| Source |
rdamedia |
| Media type term |
sin mediación |
| Media type code |
n |
| 338 ## - CARRIER TYPE |
| Source |
rdacarrier |
| Carrier type term |
volumen |
| Carrier type code |
nc |
| 505 ## - NOTA DE CONTENIDO |
| Nota de contenido con formato preestablecido |
Mi historia. -- Una comprensión bíblica de la sexualidad. -- Encontrar el mayor deseo. -- Jesús, el agente de libertad de Dios. -- Cediendo a una Lealtad Superior. -- La fuerza que entrega. -- Esperanza para la integridad de género. -- Haciendo las paces con nuestros padres. -- El vuelo hacia la adicción. -- Liberados para amar... El don de la herida. -- Convertirse en parte de la solución.<br/> |
| 650 #7 - ASIENTO SECUNDARIO DE MATERIA - TERMINO TEMÁTICO |
| 9 (RLIN) |
6984 |
| Término temático o nombre geográfico como elemento de entrada |
Homosexualidad |
| Subdivisión general |
Aspectos religiosos |
| 700 ## - ASIENTO SECUNDARIO - NOMBRE PERSONAL |
| 9 (RLIN) |
7416 |
| Nombre personal |
Payne, Leanne. |
| Responsabilidad |
prologuista |
| 773 0# - HOST ITEM ENTRY |
| Host Biblionumber |
37165 |
| Host Itemnumber |
45029 |
| Main entry heading |
Comiskey, Andrew |
| Edition |
|
| Place, publisher, and date of publication |
|
| Other item identifier |
13086 |
| Title |
Pursuing sexual wholeness |
| Record control number |
(CO-MdFUSB)768714001 |
| International Standard Serial Number |
|
| International Standard Book Number |
0884192601 |
| 942 ## - TIPO DE MATERIAL (KOHA) |
| Tipo de Item KOHA |
Libros General |
| 945 ## - LOCAL PROCESSING INFORMATION (OCLC) |
| a |
JTF-925 |